Sistemas de ahorro previo por grupos cerrados (Record no. 135803)

MARC details
000 -LEADER
fixed length control field 00937cam a2200205 4500
005 - DATE AND TIME OF LATEST TRANSACTION
control field 20251010082106.0
008 - FIXED-LENGTH DATA ELEMENTS--GENERAL INFORMATION
fixed length control field 251009b ag |||||||| |||| 00| 0 spa d
020 ## - INTERNATIONAL STANDARD BOOK NUMBER
International Standard Book Number 9505082622
050 04 - LIBRARY OF CONGRESS CALL NUMBER
Classification number HC79.S3
Item number A38 1988
100 1# - MAIN ENTRY--PERSONAL NAME
Personal name Aguilar, Fernando
245 #0 - TITLE STATEMENT
Title Sistemas de ahorro previo por grupos cerrados
Remainder of title : bienes, dinero, inmuebles : Normativa aplicable, Análisis del contrato, Cláusulas comunes, Obligaciones y derechos de las partes, Requisitos. Régimen de control, Jurisprudencia, Texto ordenado decreto 142.277/43
Statement of responsibility, etc / Fernando Aguilar ; prólogo de Sergio Le Pera
250 ## - EDITION STATEMENT
Edition statement 1a ed.
260 ## - PUBLICATION, DISTRIBUTION, ETC. (IMPRINT)
Place of publication, distribution, etc Buenos Aires :
Name of publisher, distributor, etc Astrea de Alfredo y Ricardo Depalma,
Date of publication, distribution, etc 1988
300 ## - PHYSICAL DESCRIPTION
Extent xxxi, 233 p. ;
Dimensions 20 cm.
504 ## - BIBLIOGRAPHY, ETC. NOTE
Bibliography, etc Incluye apéndice, bibliografía : p. 231-233
650 #7 - SUBJECT ADDED ENTRY--TOPICAL TERM
Source of heading or term lemb
Topical term or geographic name as entry element Ahorro e inversión
650 #7 - SUBJECT ADDED ENTRY--TOPICAL TERM
Source of heading or term lemb
Topical term or geographic name as entry element Ahorro e inversión
Geographic subdivision Argentina
700 1# - ADDED ENTRY--PERSONAL NAME
Personal name Le Pera, Sergio,
Relator term próloguista
942 ## - ADDED ENTRY ELEMENTS (KOHA)
Source of classification or shelving scheme Biblioteca del Cogreso de los Estados Unidos
Koha item type Libro
Holdings
Estado de pérdida Fuente de clasificación Estado del daño No para préstamo Ubicación permanente Ubicación actual Apartado o colección Fecha de adquisición Edición Área del conocimiento Clasificación Código de Barras Date last seen Número de copia Costo por reposición Tipo de recurso
  Biblioteca del Cogreso de los Estados Unidos     Biblioteca de la Facultad de Derecho y Ciencias Sociales "Felipe J. Tena" Biblioteca de la Facultad de Derecho y Ciencias Sociales "Felipe J. Tena" General 17/02/2020 1a ed. Ciencias Sociales y Administrativas HC79.S3 A38 1988 BFD000012194 17/02/2020 1 1.00 Libro